LEADER 01447nas a2200301 i 4500 001 000000241074 003 CaOOAMICUS 005 20150422000000.0 008 150422b2009 gw uu u0 0ger r 013 $a219979 040 $aSeMil$bita 245 10$aPraxisbeilage der katechetischen Blätter [2009]. 260 $aMünchen :$bKösel,$c2009. 300 $a1 v. (varie paginazioni) ;$c21 cm. 710 0 $aDeutscher Katecheten-Verein e. V.$0(OLS)http://semarc/name/14633 774 0 $aKaulen, Katharine$tGeschichte von Josef.$w()287119 774 0 $aHäußler, Manfred$tSchuldig sein.$w()287120 774 0 $aWiedmann, Rita$tRituale durch das Schuljahr.$w()287121 774 0 $aBosold, Iris$tPaulus.$w()287122 774 0 $aKaulen, Katharine$tSchöpfung, Schöpfungsmythen und Evolution. Baustein für die Klassen 1-4. - 16 p..$w()287123 774 0 $aJesberger, Friedhard$tIm Anfang schuf Gott... Biblischer Schöpfungsglaube in der Sprache von Bildern der modernen Kunst. - 16 p..$w()287124 774 0 $aPütz, Annette$tLicht kommt in die Welt.$w()287125 774 0 $aHenn, Thomas$tSeligpreisungen.$w()287126 850 $aSeMil 852 $aSeMil$W1$xVenegono$y1$m25 6 134/S1$j191420$B191420$CSeMilBibl$Z2$F202229 $85 961 $aOmaggio: Lorenzi don Ugo 996 $6245$aPraxisbeilage der katechetischen Blätter [2009]$9(OLS)http://semarc/title/342738 996 $6260$aMünchen :$bKösel$9(OLS)http://semarc/publisher/34068 LEADER 01231nam a2200265 i 4500 001 000000073397 003 CaOOAMICUS 005 20250318144517.0 008 090630s1961 it u000 u lat u 013 $a44569 040 $aSeMil$bita 100 1 $aMercenario, Arcangelo,$d.$0(OLS)http://semarc/name/36301 245 10$aIn primum de anima /$cArcangelo Mercenario ; edizione critica a cura di Letterio Briguglio ed Emilio Scapin. 260 $aVenezia ; Roma :$bIstituto per la collaborazione culturale,$cstampa 1961. 300 $aXIII, 89 p. ;$c25 cm. 490 0 $aCiviltà veneziana. Dizionari dialettali ;$v2 650 4$aAnima - Filosofia.$0(OLS)http://semarc/subject/2216 700 1 $aScapin, Emilio.$0(OLS)http://semarc/name/36303 700 1 $aBriguglio, Letterio.$0(OLS)http://semarc/name/36302 830 0$aCiviltà veneziana. Dizionari dialettali ;$v2.$0(OLS)http://semarc/title/28588 850 $aSeMil 852 $aSeMil$W1$xVenegono$y1$m2Q V 142$j39549$B39549$CSeMilBibl$Z2$F39553 $81 996 $6245$aIn primum de anima$9(OLS)http://semarc/title/118506 996 $6260$aVenezia ; Roma :$bIstituto per la collaborazione culturale$9(OLS)http://semarc/publisher/30139